Microsoft office 2000 resource kit
Αποθηκεύτηκε σε:
| Συγγραφή απο Οργανισμό/Αρχή: | |
|---|---|
| Μορφή: | Βιβλίο |
| Γλώσσα: | English |
| Δημοσίευση: |
Washington :
Microsoft,
c1999
|
| Θέματα: | |
| Ετικέτες: |
Προσθήκη ετικέτας
Δεν υπάρχουν, Καταχωρήστε ετικέτα πρώτοι!
|
MARC
| LEADER | 00000nam a2200000 i 4500 | ||
|---|---|---|---|
| 001 | 1/95379 | ||
| 008 | 991206s1999 eng d | ||
| 020 | |a 0-7356-0555-6 | ||
| 035 | |l 10055293 | ||
| 040 | |a GR-MY-UA |b gre |e aacr | ||
| 041 | 0 | |a eng | |
| 082 | 0 | |a 005.369 | |
| 110 | 2 | |a Microsoft Corporation. | |
| 245 | 1 | 0 | |a Microsoft office 2000 resource kit / |c Microsoft Corporation |
| 260 | |a Washington : |b Microsoft, |c c1999 | ||
| 300 | |a xvii, 878 p. |e 1 computer laser optical disc (4 3/4 in.) | ||
| 504 | |a Includes index | ||
| 630 | 0 | 0 | |a Microsoft Office. |
| 650 | 0 | 0 | |a Business |x Computer programs. |
| 852 | |a INST |b CHIOS |e 19991206 |h 005.369 MIC |p 005200019288 |q 005200019288 |t BK |y 0 | ||
| 852 | |a INST |b CHIOS |e 19991210 |h 005.369 MIC |p 005200014072 |q 005200014072 |t BK |y 0 | ||
| 901 | |a BIBL2-1999-3 | ||
| 909 | |a Χ |b 070822 | ||
| 922 | |a 2ΕΛΗ |b 199911 |c ΤΔΕ |d ΠΑΠΑΣΩΤΗΡΙΟΥ | ||
| 950 | |a 112-1999-11-03 | ||
| 970 | |a ΣΠΕΝΤΖΑ |b ΕΛΕΝΗ |z 1999/12/10 | ||